<?xml version="1.0" encoding="UTF-8"?><?xml-stylesheet type="text/xsl" href="static/style.xsl"?><OAI-PMH xmlns="http://www.openarchives.org/OAI/2.0/" xmlns:xsi="http://www.w3.org/2001/XMLSchema-instance" xsi:schemaLocation="http://www.openarchives.org/OAI/2.0/ http://www.openarchives.org/OAI/2.0/OAI-PMH.xsd"><responseDate>2026-06-01T18:38:24Z</responseDate><request verb="GetRecord" identifier="oai:riuma.uma.es:10630/7478" metadataPrefix="marc">https://riuma.uma.es/rest/oai/request</request><GetRecord><record><header><identifier>oai:riuma.uma.es:10630/7478</identifier><datestamp>2026-02-03T12:33:33Z</datestamp><setSpec>com_10630_2254</setSpec><setSpec>col_10630_37959</setSpec></header><metadata><record xmlns="http://www.loc.gov/MARC21/slim" xmlns:dcterms="http://purl.org/dc/terms/" xmlns:doc="http://www.lyncode.com/xoai" xmlns:xsi="http://www.w3.org/2001/XMLSchema-instance" xsi:schemaLocation="http://www.loc.gov/MARC21/slim http://www.loc.gov/standards/marcxml/schema/MARC21slim.xsd">
   <leader>00925njm 22002777a 4500</leader>
   <datafield ind2=" " ind1=" " tag="042">
      <subfield code="a">dc</subfield>
   </datafield>
   <datafield ind2=" " ind1=" " tag="720">
      <subfield code="a">Tous Zamora, Mercedes</subfield>
      <subfield code="e">author</subfield>
   </datafield>
   <datafield ind2=" " ind1=" " tag="260">
      <subfield code="c">2014-05-06</subfield>
   </datafield>
   <datafield ind2=" " ind1=" " tag="520">
      <subfield code="a">El colegio, situado en el centro histórico de Málaga, acoge a niños de 23 culturas diferentes con sus peculiaridades lingüísticas y raciales . Esta afluencia de niños inmigrantes aporta unas características especiales en la enseñanza de este centro escolar.&#xd;
&#xd;
Incluido en un Plan Piloto de integración y atención a la diversidad, se están obteniendo resultados muy buenos en el aprendizaje de la lengua y la cultura española por parte de la comunidad escolar, no hay que olvidar que no se podría llegar tan pronto a conseguir los objetivos propuestos sin la inestimable ayuda de los padres y familiares de estos niños inmigrantes que, con frecuencia, pasan por el centro y son considerados parte esencial del proceso educativo.</subfield>
   </datafield>
   <datafield ind1="8" ind2=" " tag="024">
      <subfield code="a">http://hdl.handle.net/10630/7478</subfield>
   </datafield>
   <datafield tag="653" ind2=" " ind1=" ">
      <subfield code="a">Integración escolar</subfield>
   </datafield>
   <datafield ind2="0" ind1="0" tag="245">
      <subfield code="a">Multiculturalidad e integración en el aula infantil y primaria</subfield>
   </datafield>
</record>
</metadata></record></GetRecord></OAI-PMH>